Finite Element Analysis (Record no. 541278)

000 -LEADER
fixed length control field 00382nam a22001457a 4500
020 ## - INTERNATIONAL STANDARD BOOK NUMBER
International Standard Book Number 9788131760642
040 ## - CATALOGING SOURCE
Transcribing agency NUST
082 ## - DEWEY DECIMAL CLASSIFICATION NUMBER
Classification number 620.001
Author Mark SAE
100 ## - MAIN ENTRY--PERSONAL NAME
Personal name Moaveni,Saeed
9 (RLIN) 14738
245 ## - TITLE STATEMENT
Title Finite Element Analysis
Remainder of title Theory And Application With ANSYS
Statement of responsibility, etc. SAeed Moaveni
250 ## - EDITION STATEMENT
Edition statement 3rd Ed
260 ## - PUBLICATION, DISTRIBUTION, ETC.
Place of publication, distribution, etc. India;
Name of publisher, distributor, etc. Pearson,
Date of publication, distribution, etc. 2018.
300 ## - PHYSICAL DESCRIPTION
Extent 861p. ;
Dimensions 23cm.
942 ## - ADDED ENTRY ELEMENTS (KOHA)
Source of classification or shelving scheme
Koha item type Book
Holdings
Withdrawn status Lost status Source of classification or shelving scheme Damaged status Not for loan Permanent Location Current Location Shelving location Date acquired Full call number Barcode Date last seen Price effective from Koha item type Public note
          School of Mechanical & Manufacturing Engineering (SMME) School of Mechanical & Manufacturing Engineering (SMME) General Stacks 02/16/2021 620.001 SAE SMME-3536 02/16/2021 02/16/2021 Book Rack,41-Shelf,2
© 2023 Central Library, National University of Sciences and Technology. All Rights Reserved.